Misión transcultural, un acercamiento (Registro nro. 52336)
[ vista simple ]
| 000 -LÍDER | |
|---|---|
| Campo fijo de descripción fija | 00956aab a2200193 i 4500 |
| 001 - NÚMERO DE CONTROL | |
| Campo de control | 768714001 |
| 003 - IDENTIFICADOR DEL NÚMERO DE CONTROL | |
| Campo de control | CO-MdFUSB |
| 005 - FECHA Y HORA DE LA ULTIMA TRANSACCIÓN | |
| control field | 20240618062717.0 |
| 008 - ELEMENTOS DE LONGITUD FIJA -- INFORMACIÓN GENERAL | |
| Campo fijo de descripción fija -- Información general | 240313t1998 ck ||||| |||| 00| 0 spa d |
| 040 ## - FUENTE DE CATALOGACIÓN | |
| Idioma de catalogación | spa |
| Agencia que realiza la transcripción | CO-MdFUSB |
| 041 ## - CÓDIGO DE IDIOMA | |
| Código de idioma para texto/pista de sonido o título separado | spa |
| 100 1# - ASIENTO PRINCIPAL--NOMBRE PERSONAL | |
| Nombre personal | Bergsma, Pablo |
| Término relacionador | autor |
| 245 10 - TÍTULO | |
| Título | Misión transcultural, un acercamiento |
| Mención de responsabilidad | / Pablo Bergsma |
| 300 ## - DESCRIPCIÓN FÍSICA | |
| Extensión | Volumen 17, número 3 (julio - septiembre, 1998), páginas: 38 - 40 |
| Dimensiones | ; 27 cm |
| 520 ## - NOTA DE RESUMEN, ETC. | |
| Nota de sumario, etc. | La misión transcultural tiene sus raíces bíblicas en el llamado de Dios a Abraham y en la promesa de que en su simiente todas las naciones de la tierra encontrarían su bendición.<br/>En este artículo se hace un acercamiento al significado de Misión y misionología desde varios puntos de vista de universidades y autores. |
| 650 #0 - ASIENTO SECUNDARIO DE MATERIA - TERMINO TEMÁTICO | |
| Término temático o nombre geográfico como elemento de entrada | Misiones |
| 9 (RLIN) | 154 |
| 773 0# - ASIENTO DE ITEM FUENTE | |
| Título | Iglesia y Misión |
| Biblionumber | 49402 |
| Itemnumber | 59633 |
| Parte(s) relacionada(s) / Volumen., número. (mes año), páginas | Volumen 17, número 3 (julio - septiembre, 1998), páginas: 38 - 40 |
| Enumeración y primera página | página: 38 |
| 942 ## - TIPO DE MATERIAL (KOHA) | |
| Tipo de Item KOHA | Artículos de Revista |
No hay ítems disponibles.
